000 00766nam a2200253Ia 4500
003 OSt
005 20220923223056.0
006 a|||||r|||| 00| 0
007 ta
008 220922b |||||||| |||| 00| 0 hin d
024 _a210,790
037 _cTextual
040 _aARTS
_cARTS
_bhin
041 _2hin
_ahin
082 _aO152,3N331,MA, M5
100 _aशर्मा, विष्णु
_9156318
245 0 _aमंजरी
246 _ahinjarī
260 _aदिल्ली
_b संकल्प प्रका0
_c1985
300 _a163पृ.
_ccm.
650 _aहिन्दी साहित्य
_9156264
942 _hO152,3N331,MA, M5
_cTEXL
_2CC
999 _c361069
_d361069